000 02061cam a22002415a 4500
001 E143832
008 080603s2005 xxk f 000 0 eng d
035 _a(Sirsi) u143832
041 0 _aeng
050 0 4 _a333.0062 $2 18
100 1 _aCarsberg, Bryan Victor
_cSir
_d1939-
245 0 0 _aCarsberg Report on the regulatory role of the RICS
_bfinal report
260 _aLondon
_bRICS
_c2005
300 _a32p.
_c30cm.
505 2 _aGovernance -- Rules and regulations -- Standards -- Competence -- International -- Conduct and discipline -- Redress -- Next steps
520 _aRICS has published the final report of the independent review by Sir Bryan Carsberg of the RICS regulatory and consumer protection role across the land, property and construction sectors. The review includes: updating the existing regulatory framework; the level of regulation necessary for different types and sizes of business; regulation at international level; regulating competence beyond mandatory continuous professional development; RICS governance; disciplinary processes and redress; and ombudsman schemes. Recommends greater separation of RICS regulatory and representational functions with RICS members continuing to be regulated by RICS but involving separate regulatory and conduct boards with a lay majority membership. Calls on RICS to regulate firms as well as individuals, with a compliance scheme that is easier for members, but remains effective. Also proposes taking an active approach to competence monitoring, simpler disciplinary procedures and setting up a property ombudsman service to give consumers redress in the house buying and letting arena.
521 _aAdvanced
651 4 _aUnited Kingdom
690 _aABOUT RICS-RICS PROFESSIONAL REGULATION AND CONSUMER PROTECTION
710 1 _aRoyal Institution of Chartered Surveyors
_bProfessional Regulation and Consumer Protection
_94348
856 _uhttps://www.rics.org/profession-standards/knowledge-and-information-services
_zEmail [email protected] to request a digital copy
942 _n0
_2ddc
999 _c108279
_d108279